Upnishadaanche vidnyaannishtha Nirupan (Record no. 348264)

MARC details
000 -LEADER
fixed length control field 004860000a22002050004500
005 - DATE AND TIME OF LATEST TRANSACTION
control field 20120302055402.0
040 ## - CATALOGING SOURCE
Original cataloging agency S.M
100 ## - MAIN ENTRY--PERSONAL NAME
Personal name Vartak,Padmakar Vishnu
245 ## - TITLE STATEMENT
Title Upnishadaanche vidnyaannishtha Nirupan
260 ## - PUBLICATION, DISTRIBUTION, ETC. (IMPRINT)
Place of publication, distribution, etc Pune:Shobhanaa Padmaakar Vartak,1981.
300 ## - PHYSICAL DESCRIPTION
Extent 16,277p.
365 ## - TRADE PRICE
Price amount 30/-
650 ## - SUBJECT ADDED ENTRY--TOPICAL TERM
Topical term or geographic name as entry element Tatvadnyan
650 ## - SUBJECT ADDED ENTRY--TOPICAL TERM
Topical term or geographic name as entry element Upnishade
650 ## - SUBJECT ADDED ENTRY--TOPICAL TERM
Topical term or geographic name as entry element Manduk
650 ## - SUBJECT ADDED ENTRY--TOPICAL TERM
Topical term or geographic name as entry element Maandukya
650 ## - SUBJECT ADDED ENTRY--TOPICAL TERM
Topical term or geographic name as entry element Taiteriya
650 ## - SUBJECT ADDED ENTRY--TOPICAL TERM
Topical term or geographic name as entry element Aitareya-Upnishada
942 ## - ADDED ENTRY ELEMENTS (KOHA)
Koha item type Book
Holdings
Withdrawn status Lost status Damaged status Not for loan Home library Current library Date acquired Total Checkouts Barcode Date last seen Price effective from
        Institute For Oriental Study, Thane Institute For Oriental Study, Thane 12/02/2009   IOS-10547 12/02/2009 12/02/2009